Statistics for General Knowledge Quiz #176

Click here to take the quiz!

General Stats

  • This quiz has been taken 33,299 times
  • The average score is 13 of 20

Answer Stats

QuestionAnswer% Correct
What is stored in a hangar?Airplanes
91%
What is the official language of Israel?Hebrew
87%
If a person sticks a pan into a river, what are they likely to be searching for?Gold
86%
What is the largest animal that hibernates?Brown Bear
84%
What other language, while not official, has "special status" within Israel?Arabic
77%
What fictional character is the most famous consumer of Duff Beer?Homer Simpson
75%
What are San Quentin, Robben Island, and the Bastille?Prisons
74%
What clothing company features underweight models known as "angels"?Victoria's Secret
69%
Some people say that only a "thin blue line" separates order from chaos.
Who are the thin blue line?
The Police
68%
What folk hero shot an apple off his son's head?William Tell
61%
In the UK, a bachelor party is often called a "stag party". What is a bachelorette party called?{Hen} Party
57%
On what island would you find the neighborhood of "Hell's Kitchen"?Manhattan
57%
What fictional character dramatically said "one million dollars", and then
raised his pinky to his lip?
Dr. Evil
55%
What is 22 to the power of 22?256
53%
What does a hedonist value above all else?Pleasure
50%
Who fled from Lhasa to India in 1959?The Dalai Lama
49%
What city did Hector live in?Troy
48%
What country celebrates that folk hero?Switzerland
39%
What soft drink was imitated by "Mello Yello"?Mountain Dew
36%
What is the name of the "~" symbol?Tilde
35%

Score Distribution

Percentile by Number Answered

Percent of People with Each Score

Your Score History

You have not taken this quiz